| 000 | 00638nam a22001937a 4500 | ||
|---|---|---|---|
| 999 |
_c1155 _d1155 |
||
| 008 | 191021b ||||| |||| 00| 0 eng d | ||
| 020 | _a9789780290160 | ||
| 040 |
_aNLN _bEnglish |
||
| 100 |
_aKUKAH, Matthew Hassan. _eaut _92879 |
||
| 245 |
_aDemocracy and civil society in Nigeria/ _cMatthew Hassan Kukah. |
||
| 260 |
_aIbadan, Oyo State (Spectrum House Ring Road PMB 5612): _bSpectrum Books, _c2007. |
||
| 300 |
_axviii, 305p.; _b22cm. |
||
| 500 | _aIncludes bibliographical references | ||
| 563 | _a(pbk) | ||
| 650 |
_aDemocracy - _vNigeria _9504 |
||
| 650 |
_aCivil society - _vNigeria _92809 |
||
| 942 | _cBK | ||
| 050 |
_aJC 423. _bK 96 |
||